Treasure island / (Record no. 4522)

MARC details
000 -LEADER
fixed length control field 00907nam a22002537a 4500
001 - CONTROL NUMBER
control field 4522
003 - CONTROL NUMBER IDENTIFIER
control field FISKH
005 - DATE AND TIME OF LATEST TRANSACTION
control field 20240913092847.0
008 - FIXED-LENGTH DATA ELEMENTS--GENERAL INFORMATION
fixed length control field 240913b cb ||||| |||| 00| 0 eng d
020 ## - INTERNATIONAL STANDARD BOOK NUMBER
International Standard Book Number 9780439288880
040 ## - CATALOGING SOURCE
Original cataloging agency FISKH
Language of cataloging eng
Transcribing agency FISKH
Modifying agency FISKH
050 ## - LIBRARY OF CONGRESS CALL NUMBER
Classification number PZ7.S8482
082 ## - DEWEY DECIMAL CLASSIFICATION NUMBER
Edition number 823.8
100 ## - MAIN ENTRY--PERSONAL NAME
Personal name Stevenson, Robert Louis
Dates associated with a name (1850–1894)
245 ## - TITLE STATEMENT
Title Treasure island /
Statement of responsibility, etc. Robert Louis Stevenson With an introduction by Mary Pope Osborne
250 ## - EDITION STATEMENT
Edition statement Treasure island was first published in 1883
260 ## - PUBLICATION, DISTRIBUTION, ETC.
Place of publication, distribution, etc. New York :
Name of publisher, distributor, etc. Scholastic,
Date of publication, distribution, etc. 1883.
300 ## - PHYSICAL DESCRIPTION
Extent 229 Pages :
Dimensions 18cm
520 ## - SUMMARY, ETC.
Summary, etc. While going through the possessions of a deceased guest who owed them money, the mistress of the inn and her son find a treasure map that leads them to a pirate's fortune.
650 ## - SUBJECT ADDED ENTRY--TOPICAL TERM
Source of heading or term Pirates
Topical term or geographic name entry element Fiction
651 ## - SUBJECT ADDED ENTRY--GEOGRAPHIC NAME
Source of heading or term Historical fiction
Geographic name Literature
Form subdivision Novel
942 ## - ADDED ENTRY ELEMENTS (KOHA)
Source of classification or shelving scheme Dewey Decimal Classification
Koha item type Books
Suppress in OPAC No
Holdings
Withdrawn status Lost status Source of classification or shelving scheme Damaged status Not for loan Collection Home library Current library Shelving location Date acquired Total Checkouts Full call number Barcode Date last seen Copy number Price effective from Koha item type
    Dewey Decimal Classification     Fiction Footprints International School Library Network Toul Kork Campus Footprints International School Library Network Toul Kork Campus TTP Secondary Fiction Bookshelves 09/13/2024   STE 823.8 PZ7.S8482 2024-1947 09/13/2024 1 09/13/2024 Books
    Dewey Decimal Classification     Fiction Footprints International School Library Network Toul Kork Campus Footprints International School Library Network Toul Kork Campus TTP Secondary Fiction Bookshelves 09/13/2024   STE 823.8 PZ7.S8482 FIS01084 11/05/2024 2 09/13/2024 Books